000 00549nam a2200193Ia 4500
003 GCL
008 140319s9999 xx 000 0 eng d
040 _aGCL /
_cGCL
082 0 4 _aCC
_b299.31
_bF E
100 1 _aFAULKNER, RAYMOND O.
245 1 0 _aTHE EGYPTIAN BOOK OF THE DEAD: THE BOOK OF GOING FORTH BY DAY /
_cFAULKNER, RAYMOND O.
700 1 _aBUDGE, WALLIS
700 1 _aGOELET, OGDEN
260 _a[S.N] :
_bCHRONICLE BOOKS ،
_c1994
300 _a175 P
650 0 4 _aFUTURE LIFE
650 0 4 _aINCANTAIONS, EGYPTIANS
942 _2ddc
_cBK
999 _c13896
_d13896